Economic development / (Record no. 19010)
[ view plain ]
| 000 -LEADER | |
|---|---|
| fixed length control field | 01020nam a22002897a 4500 |
| 005 - DATE AND TIME OF LATEST TRANSACTION | |
| control field | 20170311110747.0 |
| 008 - FIXED-LENGTH DATA ELEMENTS--GENERAL INFORMATION | |
| fixed length control field | 150219t2015 enka frbd 001 0 eng d |
| 020 ## - INTERNATIONAL STANDARD BOOK NUMBER | |
| International Standard Book Number | 9781292002972 |
| 040 ## - CATALOGING SOURCE | |
| Original cataloging agency | EG-ScBUE |
| Language of cataloging | eng |
| Transcribing agency | EG-ScBUE |
| 043 ## - GEOGRAPHIC AREA CODE | |
| Geographic area code | d------ |
| 082 04 - DEWEY DECIMAL CLASSIFICATION NUMBER | |
| Classification number | 338.90091724 |
| Item number | TOD |
| Edition number | 22 |
| 100 1# - MAIN ENTRY--PERSONAL NAME | |
| Personal name | Todaro, Michael P. |
| 9 (RLIN) | 11966 |
| 245 10 - TITLE STATEMENT | |
| Title | Economic development / |
| Statement of responsibility, etc | Michael P. Todaro, Stephen C. Smith. |
| 250 ## - EDITION STATEMENT | |
| Edition statement | 12th ed. |
| 260 ## - PUBLICATION, DISTRIBUTION, ETC. (IMPRINT) | |
| Place of publication, distribution, etc | Harlow : |
| Name of publisher, distributor, etc | Pearson Addison Wesley, |
| Date of publication, distribution, etc | c.2015. |
| 300 ## - PHYSICAL DESCRIPTION | |
| Extent | xxvii, 860 p. : |
| Other physical details | ill. ; |
| Dimensions | 25 cm. |
| 490 0# - Series Statement | |
| Series statement | The Pearson series in economics |
| 500 ## - GENERAL NOTE | |
| General note | Glossary : p. 826-838. |
| 504 ## - BIBLIOGRAPHY, ETC. NOTE | |
| Bibliography, etc | Includes bibliographical references and indexes. |
| 650 #7 - SUBJECT ADDED ENTRY--TOPICAL TERM | |
| Topical term or geographic name as entry element | Economic development. |
| Source of heading or term | BUEsh |
| 9 (RLIN) | 10495 |
| 650 #7 - SUBJECT ADDED ENTRY--TOPICAL TERM | |
| Topical term or geographic name as entry element | Economic policy. |
| Source of heading or term | BUEsh |
| 9 (RLIN) | 3322 |
| 651 #7 - SUBJECT ADDED ENTRY--GEOGRAPHIC NAME | |
| 9 (RLIN) | 3693 |
| Geographic name | Developing countries |
| General subdivision | Economic policy |
| Source of heading or term | BUEsh |
| 653 ## - INDEX TERM--UNCONTROLLED | |
| Resource For college | BAEPS, Business Administration |
| Arrived date list | February2015 |
| -- | September2015 |
| 655 ## - INDEX TERM--GENRE/FORM | |
| Form subdivision | Text book |
| -- | 33728 |
| 700 1# - ADDED ENTRY--PERSONAL NAME | |
| Personal name | Smith, Stephen C., |
| Dates associated with a name | 1955- |
| 9 (RLIN) | 11969 |
| 942 ## - ADDED ENTRY ELEMENTS (KOHA) | |
| Source of classification or shelving scheme | Dewey Decimal Classification |
| Call number prefix | 338.90091724 TOD |
| Withdrawn status | Item status | Source of classification or shelving scheme | Damaged status | Not for loan | Vendor | Home library | Current library | Shelving location | Date acquired | Source of acquisition | Cost, normal purchase price | Total Checkouts | Full call number | Barcode | Date last seen | Cost, replacement price | Koha item type | Total Renewals | Date last borrowed | Materials specified (bound volume or other part) | Serial Enumeration / chronology | Checked out |
|---|---|---|---|---|---|---|---|---|---|---|---|---|---|---|---|---|---|---|---|---|---|---|
| Dewey Decimal Classification | Baccah | Central Library | Central Library | First floor | 19/02/2015 | 270.00 | 338.90091724 TOD | 000037464 | 15/07/2025 | 337.50 | NB - Book (Non borrowing) | |||||||||||
| Dewey Decimal Classification | Baccah | Central Library | Central Library | First floor | 19/02/2015 | Purchase | 270.00 | 15 | 338.90091724 TOD | 000037465 | 15/07/2025 | 337.50 | Book - Borrowing | 49 | 13/10/2021 | |||||||
| Dewey Decimal Classification | Baccah | Central Library | Central Library | First floor | 19/02/2015 | Purchase | 270.00 | 10 | 338.90091724 TOD | 000037466 | 15/07/2025 | 337.50 | Book - Borrowing | 45 | 13/02/2025 | |||||||
| Dewey Decimal Classification | Baccah | Central Library | Central Library | First floor | 19/02/2015 | 270.00 | 13 | 338.90091724 TOD | 000037467 | 15/07/2025 | 337.50 | Book - Borrowing | 58 | 20/02/2023 | ||||||||
| Dewey Decimal Classification | Baccah | Central Library | Central Library | First floor | 19/02/2015 | 11 | 338.90091724 TOD | 000037468 | 15/07/2025 | Book - Borrowing | 53 | 08/03/2023 | ||||||||||
| Dewey Decimal Classification | Damaged | Baccah | Central Library | Central Library | First floor | 19/02/2015 | 14 | 338.90091724 TOD | 000037469 | 18/08/2021 | Book - Borrowing | 27 | 26/09/2018 | BOX07 | ||||||||
| Dewey Decimal Classification | Damaged | Baccah | Central Library | Central Library | First floor | 19/02/2015 | 8 | 338.90091724 TOD | 000037470 | 24/08/2016 | Book - Borrowing | 4 | 11/04/2016 | BOX01 | ||||||||
| Dewey Decimal Classification | Baccah | Central Library | Central Library | First floor | 19/02/2015 | 12 | 338.90091724 TOD | 000037471 | 15/07/2025 | Book - Borrowing | 50 | 14/10/2019 | ||||||||||
| Dewey Decimal Classification | Baccah | Central Library | Central Library | First floor | 19/02/2015 | 9 | 338.90091724 TOD | 000037473 | 15/07/2025 | Book - Borrowing | 49 | 21/03/2023 | ||||||||||
| Dewey Decimal Classification | Baccah | Central Library | Central Library | First floor | 19/02/2015 | 10 | 338.90091724 TOD | 000037472 | 15/07/2025 | Book - Borrowing | 74 | 22/09/2019 | ||||||||||
| Dewey Decimal Classification | Alahram | Central Library | Central Library | First floor | 15/06/2015 | Purchase | 295.00 | 12 | 338.90091724 TOD | 000038600 | 15/07/2025 | 368.75 | Book - Borrowing | 37 | 18/10/2021 | 316 | ||||||
| Dewey Decimal Classification | Alahram | Central Library | Central Library | First floor | 14/11/2016 | Purchase | 390.00 | 5 | 338.90091724 TOD | 000045079 | 18/10/2018 | 487.50 | Book - Borrowing | 6 | 18/10/2018 | 114 | 23/03/2019 |